| 000 | 00853nam a2200277Ia 4500 | ||
|---|---|---|---|
| 003 | OSt | ||
| 005 | 20220927105354.0 | ||
| 006 | a|||||r|||| 00| 0 | ||
| 007 | ta | ||
| 008 | 220926b |||||||| |||| 00| 0 eng d | ||
| 020 | _a9780822367024 | ||
| 024 | _a183279 | ||
| 037 | _cReference Collections | ||
| 040 |
_aRTL _cRTL _beng |
||
| 041 |
_2eng _aeng |
||
| 082 | _a"XoaQ, P8" | ||
| 100 |
_aBateman Bradley _9372039 |
||
| 245 | 0 |
_a"Keeping faith, losing faith" _b Religious belief and political economy |
|
| 260 |
_aDurham _bDuke University Press _c2008 |
||
| 300 |
_a"viii, 369p" _ccm. |
||
| 490 | _a"History of Political Economy, 40" | ||
| 500 | _aBibliography chapterwise | ||
| 700 |
_a Banzhaf H. Spencer _9372040 |
||
| 942 |
_h"XoaQ, P8" _cCC |
||
| 999 |
_c692184 _d692184 |
||